Grand Beatbox Battle 2019 - Statistics

General Stats
  • This quiz has been taken 393 times
    287 since last reset
  • The average score is 41 of 82
Answer Stats
Beatboxer % Correct
Champion D-Low
100%
^ Member D-Low
100%
4th Place Codfish
95%
Vice Champion Tomazacre
92%
3rd Place B-Art
90%
Judge B-Art
90%
1/4 Finalist Colaps
89%
Judge Colaps
89%
Champion Rythmind
79%
1/4 Finalist MB14
78%
Judge MB14
78%
Judge MB14
78%
^ Member Alexinho
77%
Contestant Alexinho
77%
^ Member Alem
76%
^ Member Frosty
75%
Judge Frosty
75%
1/4 Finalist River
74%
4th Place So-So
73%
Contestant So-So
73%
1/4 Finalist Zekka
73%
Champion Zekka
73%
Vice Champion NME
72%
^ Member Tomazacre
69%
Champions Uniteam
67%
3rd Place Kotcha
66%
Eliminated FootboxG
63%
^ Member FootboxG
63%
Contestant FootboxG
63%
3rd Place Inkie
62%
Eliminated Elisii
60%
^ Member Elisii
60%
Eliminated Audical
57%
1/4 Finalist Beatness
55%
Vice Champions Middle School
53%
1/4 Finalist BreZ
52%
Judge Dharni
52%
Judge Gene Shinozaki
50%
Contestant Audical
49%
Judge Reeps One
48%
Judge Pe4enkata
47%
Eliminated Show-Go
47%
Judge Skiller
46%
1/4 Finalist Balance
45%
Eliminated Trung Bao
42%
Eliminated Bataco
39%
^ Member Supernova
39%
Eliminated H-Has
38%
Judge Chris Celiz
36%
Judge ZeDe
35%
Eliminated Zen'Hit
35%
Judge Pash
34%
Eliminated Cloud
33%
Judge Jayton
32%
^ Member Kenôzen
32%
1/4 Finalist Thai Son
32%
^ Member Mr. Androide
31%
Contestant Mr. Androide
31%
Judge Tom Thum
31%
Judge Beardyman
30%
^ Member Ball-Zee
29%
4th Place 16Bitzee
28%
Judge Chezame
28%
^ Member Akindé
27%
Contestant Akindé
27%
^ Member Hobbit
27%
Judge Slizzer
27%
^ Member Mark Martin
25%
Contestant Mark Martin
25%
^ Member Kim
24%
^ Member BIG BEN
23%
Eliminated Shadow Sumo
23%
Eliminated Lightship
22%
Judge Sam Perry
21%
Judge The PeteBox
21%
^ Member Kaila Mullady
20%
Eliminated A-Cloud
18%
Eliminated Abducted
15%
Eliminated Elisimo
15%
^ Member Simon
14%
^ Member Graycloud
13%
^ Member Akam
10%
No matching quizzes found
Score Distribution
Percent of People with Each Score
Percentile by Number Answered
Your Score History
You have not taken this quiz since the last reset